Normal view
MARC view
- BUSH AT WAR
Entry Topical Term
001 - CONTROL NUMBER
- control field: 58527
003 - CONTROL NUMBER IDENTIFIER
- control field: NUST
005 - DATE AND TIME OF LATEST TRANSACTION
- control field: 20210628202148.0
008 - FIXED-LENGTH DATA ELEMENTS
- fixed length control field: 210628|| aca||aabn | a|a d
040 ## - CATALOGING SOURCE
- Original cataloging agency: NUST
- Transcribing agency: NUST
150 ## - HEADING--TOPICAL TERM
- Topical term or geographic name entry element: BUSH AT WAR
670 ## - SOURCE DATA FOUND
- Source citation: Work cat.: (NUST): Woodward, Bob 37767, Bush at war, 2002
